<?xml version="1.0" encoding="UTF-8"?>
<resp>
  <nextPage>https://data.bn.org.pl/api/networks/bibs.marcxml?marc=001+b00001150002397&amp;sinceId=1150002398</nextPage>
  <collection>
    <record xmlns='http://www.loc.gov/MARC21/slim'><leader>01188namZa2200349ZiZ4500</leader><controlfield tag='001'>b00001150002397</controlfield><controlfield tag='005'>20241203214451.7</controlfield><controlfield tag='008'>230609s        pl           |000 0 pol c</controlfield><controlfield tag='009'>9913261709305606</controlfield><datafield ind1=' ' ind2=' ' tag='020'><subfield code='a'>MKras / DW / EK</subfield></datafield><datafield ind1=' ' ind2=' ' tag='035'><subfield code='a'>KR_1KR_1_20120317230222007472-48omnis_kr</subfield></datafield><datafield ind1=' ' ind2=' ' tag='035'><subfield code='a'>KR_1_20120317230222007472</subfield><subfield code='9'>ExL</subfield></datafield><datafield ind1=' ' ind2=' ' tag='035'><subfield code='a'>(PL)b00001150002397</subfield></datafield><datafield ind1=' ' ind2=' ' tag='040'><subfield code='a'>KR_1</subfield><subfield code='c'>KR_1</subfield></datafield><datafield ind1='1' ind2=' ' tag='041'><subfield code='a'>pol</subfield><subfield code='h'>eng</subfield></datafield><datafield ind1='0' ind2='0' tag='245'><subfield code='a'>Podręcznik zarządzania jakością /</subfield><subfield code='c'>Dennis Lock red. nauk. ; przekł. Lesław Wasilewski ; Fundacja Edukacyjna Przedsiębiorczości.</subfield></datafield><datafield ind1=' ' ind2=' ' tag='260'><subfield code='a'>W-wa :</subfield><subfield code='b'>Wydaw. Naukowe PWN,</subfield><subfield code='c'>2002.</subfield></datafield><datafield ind1=' ' ind2=' ' tag='300'><subfield code='a'>674 s. :</subfield><subfield code='b'>il. ;</subfield><subfield code='c'>24 cm.</subfield></datafield><datafield ind1='1' ind2=' ' tag='490'><subfield code='a'>Przedsiębiorczość</subfield></datafield><datafield ind1=' ' ind2=' ' tag='500'><subfield code='a'>n</subfield></datafield><datafield ind1=' ' ind2=' ' tag='504'><subfield code='a'>Bibliogr. przy rozdz.</subfield></datafield><datafield ind1=' ' ind2='9' tag='650'><subfield code='a'>Zarządzanie jakością</subfield><subfield code='v'>podręcznik</subfield></datafield><datafield ind1='1' ind2=' ' tag='700'><subfield code='a'>Lock, Dennis.</subfield><subfield code='e'>Red.</subfield></datafield><datafield ind1='1' ind2=' ' tag='700'><subfield code='a'>Wasilewski, Lesław</subfield><subfield code='e'>Tł.</subfield></datafield><datafield ind1='2' ind2=' ' tag='710'><subfield code='a'>Fundacja Edukacyjna Przedsiębiorczości.</subfield></datafield><datafield ind1=' ' ind2=' ' tag='852'><subfield code='b'>48OMNIS_NETWORK</subfield><subfield code='8'>9913261709305606</subfield></datafield><datafield ind1=' ' ind2=' ' tag='852'><subfield code='b'>48OMNIS_KR</subfield><subfield code='8'>991000023969708216</subfield></datafield><datafield ind1=' ' ind2=' ' tag='920'><subfield code='a'>83-01-13742-8</subfield></datafield></record>
  </collection>
</resp>
